North American Sports Teams in Other Words - Statistics

General Stats
  • This quiz has been taken 76 times
  • The average score is 9 of 16
Answer Stats
Team Name in Other Words League Team Name % Correct
The mountain range in which you can find the ski resorts of Banff, Aspen, and Jackson Hole. MLB Colorado Rockies
92%
A music genre that originated in the African-American communities of New Orleans, United States in the late 19th and early 20th centuries. NBA Utah Jazz
88%
Warmth... NBA Miami Heat
82%
State representatives that make up the upper chamber of the United States Congress. NHL Ottawa Senators
80%
People from places such as the Florida Keys, Nantucket, Hawaii, etc. NHL New York Islanders
72%
The Catholic Church's most senior officials who choose the new Pope among other responsibilities. MLB St Louis Cardinals
72%
Having seemingly supernatural powers that allow you to make things disappear and reappear; amongst other talents. NBA Orlando Magic
66%
Dodge's most popular full-size pickup truck on the market. NFL Los Angeles Rams
64%
The culprits in Steve Irwin's tragic and untimely passing. MLB Tampa Bay Rays
62%
A group of people dressed as Tom Cruise's character in the 1986 action drama "Top Gun". NBA Dallas Mavericks
56%
What Lorde will never be... MLB Kansas City Royals
40%
Offensive players that have made contact with a defender who has established a legal position. NFL Los Angeles Chargers
40%
The medieval communications vessels used in George R.R. Martin's "A Song of Ice and Fire" books series, and subsequent HBO adaptation "Game of Thrones". NFL Baltimore Ravens
34%
What I have when my girlfriend tells me she's leaving me for my best friend. NHL St Louis Blues
30%
What Christopher McCandless goes into in Jon Krakauer's 1996 non-fiction novel, later adapted into a full length movie, featuring Emile Hirsch, in 2007. NHL Minnesota Wild
28%
The group of people Todd, the Outside Sales Representative of Dunder Mifflin in the NBC's television series "The Office", would see at a reunion for his father's side of the family. NFL Greenbay Packers
22%
No matching quizzes found
Score Distribution
Percent of People with Each Score
Percentile by Number Answered
Your Score History
You have not taken this quiz